Tous les Joueurs de Liga Espagnole valorisés à plus de 40M€ - Statistiques

Statistiques générales
  • Ce quiz a été pris 93 fois
  • Le résultat moyen est 23 sur 32
Statistiques - réponses
Prix Club Joueur Nationalité % Correct
180M Real Madrid Kylian Mbappé France
100%
180M Real Madrid Jude Bellingham Angleterre
98%
180M Real Madrid Vinícius Júnior Brésil
96%
120M FC Barcelone Lamine Yamal Espagne
95%
120M Real Madrid Federico Valverde Uruguay
94%
100M Real Madrid Eduardo Camavinga France
93%
110M Real Madrid Rodrygo Brésil
92%
100M Real Madrid Aurélien Tchouaméni France
90%
90M Atlético Madrid Julián Álvarez Argentine
90%
80M FC Barcelone Pedri Espagne
90%
70M FC Barcelone Ronald Araújo Uruguay
90%
70M FC Barcelone Frenkie De Jong Pays-Bas
89%
70M Athletic Bilbao Nico Williams Espagne
89%
90M FC Barcelone Gavi Espagne
87%
45M FC Barcelone Jules Koundé France
83%
45M Real Madrid Arda Güler Turquie
81%
60M Real Madrid Endrick Brésil
80%
50M Real Sociedad Takefusa Kubo Japon
77%
40M Real Madrid Brahim Díaz Maroc
76%
60M Real Madrid Éder Militão Brésil
74%
50M FC Barcelone Raphinha Brésil
74%
40M FC Barcelone Andreasa Christensen Danemark
60%
45M Valence CF Giorgi Mamardashvili Géorgie
58%
50M Atlético Madrid Conor Gallagher Angleterre
57%
60M FC Barcelone Dani Olmo Espagne
51%
45M Real Sociedad Mikel Oyarzabal Espagne
49%
50M Real Sociedad Martín Zubimendi Espagne
46%
50M Real Sociedad Mikel Merino Espagne
46%
40M FC Barcelone Alejandro Baldé Espagne
44%
40M Atlético Madrid Robin Le Normand Espagne
32%
40M Villarreal CF Álex Baena Espagne
23%
40M Real Sociedad Brais Méndez Espagne
14%
Aucun quiz correspondant
Distribution des résultats
% des personnes avec chaque résultat
Percentile par nombre de réponses
Votre historique - résultats
Vous n’avez pas pris ce quiz